Statistics for Country Flags of Europe in 1938

Click here to take the quiz!

General Stats

  • This quiz has been taken 369 times
    (345 since last reset)
  • The average score is 30 of 35

Answer Stats

FlagCountry% Correct
United Kingdom
100%
France
99%
Spain
98%
Belgium
97%
Albania
95%
Austria
94%
Germany
94%
Bulgaria
92%
Denmark
91%
Finland
91%
Hungary
91%
Iceland
91%
Netherlands
91%
Estonia
90%
Ireland
89%
Norway
88%
Luxembourg
87%
Monaco
86%
Portugal
86%
Latvia
85%
Sweden
85%
Czechoslovakia
84%
Poland
84%
Soviet Union
84%
Vatican City
84%
Italy
83%
Romania
83%
San Marino
83%
Andorra
82%
Lithuania
81%
Switzerland
80%
Liechtenstein
76%
Greece
75%
Yugoslavia
72%
Danzig
39%

Score Distribution

Percentile by Number Answered

Percent of People with Each Score

Your Score History

You have not taken this quiz since the last reset